[Event "Sterlitamak Rochinskiy op"]
[Site "Sterlitamak"]
[Date "2012.06.30"]
[Round "9"]
[White "Somkin, Evgeni"]
[Black "Nozdrin, Alexander V"]
[Result "0-1"]
[WhiteElo "2046"]
[BlackElo "2376"]
[PlyCount "93"]
[EventDate "2012.06.22"]
[EventType "swiss"]
[EventRounds "9"]
[EventCountry "RUS"]
[SourceTitle "EXT 2013"]
[Source "ChessBase"]
[SourceDate "2012.11.22"]
[SourceVersion "1"]
[SourceVersionDate "2012.11.22"]
[SourceQuality "1"]

1. e4 e6 2. d4 d5 3. e5 c5 4. c3 Nc6 5. Nf3 Qb6 6. a3 Bd7 7. b4 cxd4 8. cxd4 Rc8 9. Be3 Nge7 10. Bd3 Nf5 11. 0-0 Nxe3 12. fxe3 Be7 13. Ra2 0-0 14. Raf2 Nb8 15. Qe2 a6 16. Ne1 g6 17. g3 Bb5 18. h4 Rc1 19. Ng2 Bxd3 20. Qxd3 Qc6 21. Rxc1 Qxc1+ 22. Rf1 Qc6 23. Nf4 Rc8 24. Qd1 Qc2 25. Qf3 Rf8 26. Qf2 Qxf2+ 27. Kxf2 Rc8 28. Ke2 Nd7 29. Kd3 Nb6 30. Nc3 Nc4 31. Nb1 b5 32. Rf2 g5 33. hxg5 Bxg5 34. Ra2 Kg7 35. Nd2 Nb6 36. Nb3 Be7 37. Nc5 a5 38. bxa5 Nc4 39. Nb3 Nxa3 40. e4 dxe4+ 41. Kxe4 b4 42. Nd3 Nb5 43. Ra1 Rc3 44. a6 Rxb3 45. a7 Nc7 46. a8Q Nxa8 47. Rxa8 0-1

[Event "Izhevsk op-A"]
[Site "Izhevsk"]
[Date "2010.07.18"]
[Round "4"]
[White "Ospennikov, Dmitry V"]
[Black "Somkin, Evgeni"]
[Result "0-1"]
[WhiteElo "2230"]
[BlackElo "2387"]
[PlyCount "154"]
[EventDate "2010.07.15"]
[EventType "swiss"]
[EventRounds "9"]
[EventCountry "RUS"]
[SourceTitle "CBM 137 Extra"]
[Source "ChessBase"]
[SourceDate "2010.09.01"]
[SourceVersion "1"]
[SourceVersionDate "2010.09.01"]
[SourceQuality "1"]

1. c4 Nf6 2. Nc3 e6 3. g3 d5 4. cxd5 exd5 5. d4 c6 6. Bg2 Bd6 7. Nf3 Bg4 8. 0-0 Nbd7 9. Qc2 0-0 10. Rb1 Re8 11. h3 Bh5 12. Nh4 Bb4 13. e3 Bg6 14. Nxg6 hxg6 15. a3 Bxc3 16. Qxc3 Ne4 17. Qc2 Ndf6 18. a4 a6 19. b3 Qd6 20. Bb2 Rac8 21. Rbd1 Nd7 22. g4 f5 23. f3 Ng5 24. h4 Nf7 25. gxf5 gxf5 26. Rde1 Qg6 27. Kh2 Nh6 28. Bh3 Qd6+ 29. Kg2 Re6 30. Rg1 Qe7 31. Qf2 Nf8 32. Kh1 Re8 33. Bc1 Ng6 34. Rg5 Nf4 35. Bf1 Qf6 36. Bd2 Ng6 37. Bd3 Nf7 38. Rg3 Qxh4+ 39. Kg2 f4 40. Rg4 fxe3 41. Rxe3 Qxf2+ 42. Kxf2 Nf8 43. f4 Rxe3 44. Bxe3 Nd6 45. f5 Nd7 46. Bh6 Re7 47. Rg6 Nf6 48. Kf3 Nfe4 49. Kf4 Ne8 50. Kf3 Kf7 51. Bf4 N8f6 52. b4 Re8 53. Rg2 Rh8 54. Rh2 Rxh2 55. Bxh2 Nc3 56. Bc2 b5 57. axb5 axb5 58. Bf4 Nfe4 59. Be5 Na2 60. Ke3 Nxb4 61. Bd1 Na2 62. Bh5+ Kf8 63. Kd3 Nb4+ 64. Ke3 Nc2+ 65. Kd3 Na3 66. Bf3 Nc4 67. Bf4 Ncd6 68. Be5 Nxf5 69. Bxe4 dxe4+ 70. Kxe4 Ne7 71. Bd6 Kf7 72. Ke5 Ng6+ 73. Kf5 Ne7+ 74. Ke5 Nd5 75. Bc5 b4 76. Kd6 b3 77. Ba3 Nb4 0-1

[Event "Sukhumi op"]
[Site "Sukhumi"]
[Date "2006.08.11"]
[Round "8"]
[White "Chetverik, Maxim"]
[Black "Somkin, Evgeni"]
[Result "1-0"]
[WhiteElo "2289"]
[BlackElo "2377"]
[PlyCount "59"]
[EventDate "2006.08.04"]
[EventType "swiss"]
[EventRounds "9"]
[EventCountry "GEO"]
[SourceTitle "EXT 2011"]
[Source "ChessBase"]
[SourceDate "2010.11.26"]
[SourceVersion "1"]
[SourceVersionDate "2010.11.26"]
[SourceQuality "1"]

1. d4 d5 2. c4 e6 3. Nf3 c6 4. g3 dxc4 5. Bg2 b5 6. 0-0 Bb7 7. a4 Nf6 8. Ne5 Qc7 9. b3 cxb3 10. Qxb3 a6 11. Nc3 b4 12. Nc4 Nd5 13. Nd1 f5 14. f3 c5 15. e4 Nf6 16. d5 exd5 17. exd5 Nxd5 18. Bb2 Nc6 19. Re1+ Nde7 20. Ne5 Nxe5 21. Bxe5 Qc6 22. Ne3 0-0-0 23. Rad1 Rxd1 24. Rxd1 c4 25. Nxc4 Nd5 26. Kh1 Nc3 27. Nd6+ Kb8 28. Nb5+ Ka8 29. Rd8+ Bc8 30. Nxc3 1-0

[Event "Sukhumi op"]
[Site "Sukhumi"]
[Date "2006.08.10"]
[Round "7"]
[White "Somkin, Evgeni"]
[Black "Garakov, Mikhael"]
[Result "0-1"]
[WhiteElo "2377"]
[BlackElo "2335"]
[PlyCount "58"]
[EventDate "2006.08.04"]
[EventType "swiss"]
[EventRounds "9"]
[EventCountry "GEO"]
[SourceTitle "EXT 2011"]
[Source "ChessBase"]
[SourceDate "2010.11.26"]
[SourceVersion "1"]
[SourceVersionDate "2010.11.26"]
[SourceQuality "1"]

1. e4 c5 2. Nf3 e6 3. c3 Nf6 4. d3 d6 5. g3 Nc6 6. Bg2 Be7 7. 0-0 0-0 8. Re1 e5 9. Na3 h6 10. Nc2 Be6 11. d4 exd4 12. cxd4 d5 13. exd5 Bxd5 14. dxc5 Bxc5 15. Be3 Bxe3 16. Nxe3 Be6 17. Qa4 Qb6 18. b3 Rfd8 19. Red1 a5 20. Nc4 Qc5 21. Rdc1 Ne4 22. Ne3 Nc3 23. Rxc3 Qxc3 24. Rb1 Rd7 25. a3 Qd3 26. Rd1 Qxd1+ 27. Nxd1 Rxd1+ 28. Bf1 Bh3 29. Nd2 Re8 0-1

[Event "Izmailov Memorial op 10th"]
[Site "Tomsk"]
[Date "2006.07.15"]
[Round "4"]
[White "Somkin, Evgeni"]
[Black "Yudin, Sergei"]
[Result "1/2-1/2"]
[WhiteElo "2367"]
[BlackElo "2475"]
[PlyCount "78"]
[EventDate "2006.07.12"]
[EventType "swiss"]
[EventRounds "9"]
[EventCountry "RUS"]
[SourceTitle "EXT 2008"]
[Source "ChessBase"]
[SourceDate "2007.11.25"]
[SourceVersion "1"]
[SourceVersionDate "2007.11.25"]
[SourceQuality "1"]

1. e4 d6 2. d4 Nf6 3. Nc3 e5 4. Nf3 Nbd7 5. g4 h6 6. h3 c6 7. Bg2 b5 8. a3 Bb7 9. Be3 Be7 10. 0-0 0-0 11. Qd2 Re8 12. Rad1 a5 13. Nh2 Bf8 14. dxe5 Nxe5 15. b3 b4 16. axb4 axb4 17. Ne2 c5 18. Ng3 Ned7 19. g5 Nxe4 20. Nxe4 Bxe4 21. gxh6 Bxg2 22. Kxg2 g6 23. Bg5 Qc8 24. Qf4 Qb7+ 25. Kg1 Ne5 26. Rxd6 f5 27. Rd2 Nf7 28. Nf3 Nxg5 29. Nxg5 Bxh6 30. Qc4+ Kh8 31. Nf7+ Kh7 32. Nxh6 Kxh6 33. Qh4+ Kg7 34. Rfd1 Ra7 35. Rd6 Qf7 36. Rc6 Rc7 37. Rb6 Rb7 38. Rc6 Rc7 39. Rb6 Rb7 1/2-1/2

[Event "Izmailov Memorial op 10th"]
[Site "Tomsk"]
[Date "2006.07.14"]
[Round "3"]
[White "Kharlov, Andrei"]
[Black "Somkin, Evgeni"]
[Result "1/2-1/2"]
[WhiteElo "2549"]
[BlackElo "2367"]
[PlyCount "120"]
[EventDate "2006.07.12"]
[EventType "swiss"]
[EventRounds "9"]
[EventCountry "RUS"]
[SourceTitle "EXT 2008"]
[Source "ChessBase"]
[SourceDate "2007.11.25"]
[SourceVersion "1"]
[SourceVersionDate "2007.11.25"]
[SourceQuality "1"]

1. d4 d5 2. c4 c6 3. Nf3 Nf6 4. e3 e6 5. Bd3 Nbd7 6. 0-0 Be7 7. Nc3 b6 8. b3 Bb7 9. Bb2 0-0 10. Qe2 c5 11. Rfd1 Rc8 12. cxd5 Nxd5 13. Nxd5 exd5 14. Rac1 Bd6 15. h3 Qe7 16. Ba6 Bxa6 17. Qxa6 Nb8 18. Qa4 Rcd8 19. dxc5 Bxc5 20. Rd2 Bb4 21. Rd4 Bc5 22. Rd3 Qb7 23. b4 Be7 24. a3 Nd7 25. Rcd1 b5 26. Qb3 Nb6 27. Nd4 Bf6 28. Ne2 Bxb2 29. Qxb2 Rd7 30. Nf4 Rfd8 31. Nh5 f6 32. Nf4 Qc6 33. Qb3 Kh8 34. Rd4 Nc4 35. Nd3 Rd6 36. Nf4 Qa6 37. Ra1 Qb7 38. a4 a6 39. axb5 Qxb5 40. Qa4 Qxa4 41. Rxa4 Ne5 42. Rd2 h6 43. Ne2 Nc6 44. Rb2 Na7 45. Rba2 Nc6 46. Rxa6 Nxb4 47. Rxd6 Rxd6 48. Ra7 Ra6 49. Rxa6 Nxa6 50. Nf4 Nc7 51. Kf1 Kg8 52. Ke2 g5 53. Nh5 Kf7 54. g4 Ne6 55. f3 Ng7 56. Ng3 Ke6 57. f4 f5 58. Kd3 fxg4 59. hxg4 Kf6 60. Ke2 Ke6 1/2-1/2

[Event "Nezhmetdinov Memorial 28th"]
[Site "Kazan"]
[Date "2006.06.03"]
[Round "3"]
[White "Somkin, Evgeni"]
[Black "Kniazev, Igor"]
[Result "1-0"]
[WhiteElo "2367"]
[BlackElo "2244"]
[PlyCount "53"]
[EventDate "2006.06.01"]
[EventType "swiss"]
[EventRounds "9"]
[EventCountry "RUS"]
[SourceTitle "CBM 112 Extra"]
[Source "ChessBase"]
[SourceDate "2006.07.14"]
[SourceVersion "1"]
[SourceVersionDate "2006.07.14"]
[SourceQuality "1"]

1. e4 e5 2. Nf3 Nf6 3. Nxe5 Nxe4 4. Qe2 Qe7 5. Qxe4 d6 6. d4 dxe5 7. dxe5 Nc6 8. Bb5 Bd7 9. 0-0 0-0-0 10. Nc3 Nxe5 11. a4 f5 12. Bxd7+ Nxd7 13. Qxf5 h6 14. Rd1 g5 15. Be3 a6 16. Rd3 Qe5 17. Qh3 g4 18. Qxg4 Bd6 19. Qh3 Rhg8 20. Bd4 Qe8 21. Bf6 Kb8 22. Bxd8 Qxd8 23. Ne4 Ne5 24. Rg3 Rf8 25. Rd1 Qe7 26. Nxd6 cxd6 27. Qxh6 1-0

[Event "Nezhmetdinov Memorial 28th"]
[Site "Kazan"]
[Date "2006.06.01"]
[Round "1"]
[White "Somkin, Evgeni"]
[Black "Jusupov, Tabris"]
[Result "1-0"]
[WhiteElo "2367"]
[BlackElo "2084"]
[PlyCount "51"]
[EventDate "2006.06.01"]
[EventType "swiss"]
[EventRounds "9"]
[EventCountry "RUS"]
[SourceTitle "CBM 112 Extra"]
[Source "ChessBase"]
[SourceDate "2006.07.14"]
[SourceVersion "1"]
[SourceVersionDate "2006.07.14"]
[SourceQuality "1"]

1. e4 c6 2. d4 d5 3. e5 Bf5 4. Nc3 e6 5. g4 Bg6 6. Nge2 c5 7. Be3 cxd4 8. Nxd4 Nc6 9. f4 Nxd4 10. Qxd4 Ne7 11. 0-0-0 Nc6 12. Qa4 Qa5 13. Qxa5 Nxa5 14. f5 exf5 15. Nxd5 0-0-0 16. Bxa7 Nc6 17. Bb6 Re8 18. gxf5 Bxf5 19. Ne3 Be4 20. Bh3+ Kb8 21. Rhe1 Nxe5 22. Ng4 Nc6 23. Nf2 f5 24. Bxf5 Bc5 25. Bd7 Bxf2 26. Bxf2 1-0

[Event "RUS-chT Clubs sf"]
[Site "Cheliabinsk"]
[Date "2005.01.??"]
[Round "5"]
[White "Galiev, Azat"]
[Black "Somkin, Evgeni"]
[Result "1/2-1/2"]
[WhiteElo "2212"]
[BlackElo "2353"]
[PlyCount "38"]
[EventDate "2005.01.??"]
[EventType "team"]
[EventRounds "9"]
[EventCountry "RUS"]
[SourceTitle "EXT 2006"]
[Source "ChessBase"]
[SourceDate "2005.11.24"]
[SourceVersion "1"]
[SourceVersionDate "2005.11.24"]
[SourceQuality "1"]

1. e4 c5 2. Nf3 Nc6 3. Nc3 Nf6 4. Bb5 g6 5. 0-0 Bg7 6. d3 0-0 7. Be3 d6 8. h3 e5 9. Bc4 Be6 10. Nd2 Qd7 11. Ne2 b6 12. Bxe6 fxe6 13. Ng3 Rae8 14. c3 h6 15. a4 g5 16. Nh5 Qf7 17. Nxf6+ Qxf6 18. Qb3 d5 19. g3 Qf7 1/2-1/2

[Event "RUS-chT Clubs sf"]
[Site "Cheliabinsk"]
[Date "2005.01.??"]
[Round "9"]
[White "Somkin, Evgeni"]
[Black "Efimov, Nikita"]
[Result "1-0"]
[WhiteElo "2353"]
[BlackElo "2264"]
[PlyCount "79"]
[EventDate "2005.01.??"]
[EventType "team"]
[EventRounds "9"]
[EventCountry "RUS"]
[SourceTitle "EXT 2006"]
[Source "ChessBase"]
[SourceDate "2005.11.24"]
[SourceVersion "1"]
[SourceVersionDate "2005.11.24"]
[SourceQuality "1"]

1. e4 d6 2. d4 Nf6 3. Nc3 g6 4. h4 c5 5. Nf3 cxd4 6. Qxd4 Bg7 7. Bg5 Nc6 8. Qd2 Qa5 9. Bc4 0-0 10. Bb3 b5 11. Bxf6 Bxf6 12. h5 Bg7 13. hxg6 hxg6 14. Kf1 b4 15. Nd5 e6 16. Ne3 Ne5 17. Ng5 Qb5+ 18. Kg1 a5 19. a4 bxa3 20. Rxa3 a4 21. c4 Qc5 22. Bxa4 Nxc4 23. Nxc4 Qxc4 24. Bb5 Qxb5 25. Rxa8 Bxb2 26. Nxf7 Kxf7 27. Qxd6 Be5 28. Rh7+ Kg8 29. Qxf8+ Kxh7 30. Qe7+ Kh6 31. Qh4+ Kg7 32. Qe7+ Kh6 33. Qf8+ Kh7 34. Ra7+ Bd7 35. Qe7+ Kh6 36. Qh4+ Kg7 37. Qe7+ Kh6 38. g3 Bxg3 39. Qxd7 Bxf2+ 40. Kxf2 1-0

[Event "Geller Memorial op"]
[Site "Moscow"]
[Date "2001.??.??"]
[Round "1"]
[White "Somkin, Evgeni"]
[Black "Ramazan, Elshad"]
[Result "1-0"]
[WhiteElo "2401"]
[BlackElo "2083"]
[PlyCount "45"]
[EventDate "2001.10.26"]
[EventType "swiss"]
[EventRounds "9"]
[EventCountry "RUS"]
[SourceTitle "EXT 2002"]
[Source "ChessBase"]
[SourceDate "2001.11.25"]
[SourceVersion "1"]
[SourceVersionDate "2001.11.25"]
[SourceQuality "1"]

1. e4 d6 2. d4 Nd7 3. Nf3 h6 4. Nc3 g5 5. Bc4 Bg7 6. Bxg5 hxg5 7. Bxf7+ Kf8 8. Nxg5 Ndf6 9. Bb3 Rh5 10. f4 e5 11. dxe5 Bg4 12. exf6 Nxf6 13. Qd2 Qe7 14. 0-0 c6 15. h3 Bd7 16. e5 dxe5 17. fxe5 Qc5+ 18. Rf2 Bxh3 19. exf6 Rxg5 20. fxg7+ Kxg7 21. Ne4 Rxg2+ 22. Kh1 Kh8 23. Nxc5 1-0

[Event "Geller Memorial op"]
[Site "Moscow"]
[Date "2001.??.??"]
[Round "4"]
[White "Somkin, Evgeni"]
[Black "Yandemirov, Valeri"]
[Result "0-1"]
[WhiteElo "2401"]
[BlackElo "2494"]
[PlyCount "127"]
[EventDate "2001.10.26"]
[EventType "swiss"]
[EventRounds "9"]
[EventCountry "RUS"]
[SourceTitle "EXT 2002"]
[Source "ChessBase"]
[SourceDate "2001.11.25"]
[SourceVersion "1"]
[SourceVersionDate "2001.11.25"]
[SourceQuality "1"]

1. e4 e5 2. Nf3 Nc6 3. Bb5 a6 4. Bxc6 dxc6 5. 0-0 f6 6. d4 exd4 7. Nxd4 c5 8. Nb3 Qxd1 9. Rxd1 Be6 10. Nc3 Bd6 11. Be3 b6 12. a4 a5 13. Nb5 Rd8 14. Nxd6+ cxd6 15. Bf4 Ke7 16. Nd2 Kd7 17. b3 Ne7 18. Nc4 Bxc4 19. Rxd6+ Kc8 20. Rxb6 Ng6 21. Bg3 Be2 22. c4 Rd1+ 23. Rxd1 Bxd1 24. Rc6+ Kb7 25. Rxc5 Rd8 26. h4 Kb6 27. Rb5+ Kc6 28. Rxa5 Bxb3 29. h5 Ne5 30. Bxe5 fxe5 31. Rxe5 Bxa4 32. c5 Bb3 33. f3 Bf7 34. g4 Rd2 35. Rf5 Bb3 36. Rg5 Bd1 37. Rxg7 Bxf3 38. Rxh7 Bxe4 39. Re7 Rg2+ 40. Kf1 Rxg4 41. h6 Rh4 42. Kf2 Bd5 43. h7 Rh3 44. Ra7 Kxc5 45. Ra5+ Kd4 46. Ra4+ Ke5 47. Ra7 Kf4 48. Ke2 Be4 49. Rf7+ Bf5 50. Kd2 Ke5 51. Re7+ Kd4 52. Ke2 Bxh7 53. Rd7+ Ke5 54. Re7+ Kf4 55. Kd2 Be4 56. Re8 Rb3 57. Rg8 Ke5 58. Re8+ Kd4 59. Rd8+ Bd5 60. Ke2 Rb2+ 61. Ke1 Rh2 62. Kd1 Kc4 63. Rc8+ Kd3 64. Rd8 0-1

[Event "Chigorin Memorial 08th"]
[Site "St Petersburg"]
[Date "2000.11.09"]
[Round "8"]
[White "Khassanov, Marat"]
[Black "Somkin, Evgeni"]
[Result "1-0"]
[WhiteElo "2338"]
[BlackElo "2329"]
[PlyCount "115"]
[EventDate "2000.10.31"]
[EventType "swiss"]
[EventRounds "9"]
[EventCountry "RUS"]
[SourceTitle "EXT 2001"]
[Source "ChessBase"]
[SourceDate "2000.11.22"]
[SourceVersion "1"]
[SourceVersionDate "2000.11.22"]
[SourceQuality "1"]

1. d4 d5 2. c4 c6 3. Nf3 Nf6 4. Nc3 e6 5. Bg5 dxc4 6. a4 b5 7. axb5 cxb5 8. Nxb5 Qb6 9. Nc3 Qxb2 10. Bd2 Nd5 11. Nxd5 exd5 12. Rb1 Qa2 13. e4 Bd6 14. Rb5 Nc6 15. exd5 Ba6 16. Rb1 c3 17. Bxc3 Bxf1 18. Kxf1 Qxd5 19. Qd3 Ne7 20. Rb5 Qa2 21. g3 Rc8 22. Nd2 Qa6 23. Kg2 Qc6+ 24. d5 Qxc3 25. Qxc3 Rxc3 26. Ne4 Rc2 27. Nxd6+ Kd7 28. Ne4 f5 29. Nc5+ Kd6 30. Nb7+ Kd7 31. Nc5+ Kd6 32. Nb7+ Kd7 33. Ra1 Nc8 34. Nc5+ Kd6 35. Ra6+ Ke5 36. d6 Nxd6 37. Nd3+ Ke6 38. Re5+ Kd7 39. Rxa7+ Rc7 40. Nc5+ Kc6 41. Rxc7+ Kxc7 42. Ne6+ Kd7 43. Nxg7 Rf8 44. Ne6 Rf7 45. Nd4 f4 46. g4 Nc4 47. Re2 Kd6 48. Nf5+ Kd5 49. Kf3 h5 50. h3 hxg4+ 51. hxg4 Ra7 52. Ne7+ Rxe7 53. Rxe7 Ne5+ 54. Rxe5+ Kxe5 55. g5 Kf5 56. g6 Kxg6 57. Kxf4 Kf6 58. f3 1-0

[Event "Chigorin Memorial 08th"]
[Site "St Petersburg"]
[Date "2000.11.08"]
[Round "7"]
[White "Somkin, Evgeni"]
[Black "Zavgorodniy, Sergiy"]
[Result "1/2-1/2"]
[WhiteElo "2329"]
[BlackElo "2225"]
[PlyCount "51"]
[EventDate "2000.10.31"]
[EventType "swiss"]
[EventRounds "9"]
[EventCountry "RUS"]
[SourceTitle "EXT 2001"]
[Source "ChessBase"]
[SourceDate "2000.11.22"]
[SourceVersion "1"]
[SourceVersionDate "2000.11.22"]
[SourceQuality "1"]

1. e4 c5 2. Nf3 Nc6 3. d4 cxd4 4. Nxd4 g6 5. c4 Bg7 6. Be3 Nf6 7. Nc3 0-0 8. Be2 d6 9. 0-0 Bd7 10. Qd2 Nxd4 11. Bxd4 Bc6 12. f3 a5 13. b3 Nd7 14. Bf2 Nc5 15. Rab1 Bf6 16. Rfc1 Qb8 17. a3 Ne6 18. h4 Be5 19. Nd5 Bxd5 20. exd5 Bf4 21. Qc2 Bxc1 22. Qxc1 Ng7 23. Bd3 Qc8 24. Qf4 Qd7 25. Rd1 Rfc8 26. a4 1/2-1/2

[Event "Chigorin Memorial 08th"]
[Site "St Petersburg"]
[Date "2000.11.04"]
[Round "4"]
[White "Ivanov, Sergey"]
[Black "Somkin, Evgeni"]
[Result "1-0"]
[WhiteElo "2574"]
[BlackElo "2329"]
[PlyCount "95"]
[EventDate "2000.10.31"]
[EventType "swiss"]
[EventRounds "9"]
[EventCountry "RUS"]
[SourceTitle "EXT 2001"]
[Source "ChessBase"]
[SourceDate "2000.11.22"]
[SourceVersion "1"]
[SourceVersionDate "2000.11.22"]
[SourceQuality "1"]

1. d4 d5 2. c4 c6 3. Nf3 e6 4. Bg5 Nf6 5. Nc3 dxc4 6. e4 b5 7. e5 h6 8. Bh4 g5 9. Nxg5 hxg5 10. Bxg5 Be7 11. exf6 Bxf6 12. Bxf6 Qxf6 13. a4 Rh4 14. axb5 Rxd4 15. Qf3 Qxf3 16. gxf3 Bb7 17. Rg1 Nd7 18. Rg8+ Nf8 19. Rg4 c5 20. Be2 Ng6 21. Ra4 Bd5 22. Bxc4 Bxf3 23. Rg3 Bb7 24. Bxe6 Kf8 25. Bg4 Ne5 26. Be2 Re8 27. Kf1 Re7 28. Re3 f6 29. f4 Rxa4 30. Nxa4 Nd7 31. Rxe7 Kxe7 32. Bg4 Bc8 33. Kf2 Nb6 34. Nxb6 Bxg4 35. Nd5+ Ke6 36. b6 axb6 37. Nxb6 Bh5 38. Ke3 Bf7 39. Na4 Kd6 40. Nc3 f5 41. h4 Bg6 42. Kd3 Bf7 43. Ne2 Kd5 44. Ng3 c4+ 45. Kc3 Bg6 46. h5 Bh7 47. h6 Bg6 48. Nh5 1-0

[Event "RUS-Cup"]
[Site "Bor"]
[Date "2000.??.??"]
[Round "8"]
[White "Pavlov, Denis"]
[Black "Somkin, Evgeni"]
[Result "0-1"]
[WhiteElo "2218"]
[BlackElo "2309"]
[PlyCount "58"]
[EventDate "2000.06.??"]
[EventType "swiss"]
[EventRounds "9"]
[EventCountry "RUS"]
[SourceTitle "EXT 2001"]
[Source "ChessBase"]
[SourceDate "2000.11.22"]
[SourceVersion "1"]
[SourceVersionDate "2000.11.22"]
[SourceQuality "1"]

1. c4 Nf6 2. Nc3 e6 3. d4 d5 4. Bg5 c6 5. e3 Nbd7 6. cxd5 exd5 7. Bd3 Be7 8. Qc2 0-0 9. Nf3 Re8 10. 0-0 Nf8 11. Rab1 a5 12. a3 g6 13. b4 axb4 14. axb4 Ne6 15. Bh4 Ng7 16. b5 Bf5 17. Bxf5 Nxf5 18. Bxf6 Bxf6 19. bxc6 bxc6 20. Na4 Qd6 21. Nc5 Ra3 22. Rb7 Rea8 23. Rd7 Qf8 24. h3 Qh6 25. Nd3 Bh4 26. Nfe5 Ra1 27. Rxa1 Rxa1+ 28. Kh2 Qxe3 29. Nf3 Bxf2 0-1